Elements of engineering drawing. (Record no. 544623)
[ view plain ]
| 000 -LEADER | |
|---|---|
| fixed length control field | 00387nam a22001337a 4500 |
| 082 ## - DEWEY DECIMAL CLASSIFICATION NUMBER | |
| Classification number | 604.2 |
| Author Mark | GUN |
| -- | L-12, P-4 |
| 100 ## - MAIN ENTRY--PERSONAL NAME | |
| Personal name | Gunda, M.H |
| 9 (RLIN) | 40302 |
| 245 ## - TITLE STATEMENT | |
| Title | Elements of engineering drawing. |
| 260 ## - PUBLICATION, DISTRIBUTION, ETC. | |
| Place of publication, distribution, etc. | Bombay |
| Name of publisher, distributor, etc. | Sunder Dass for Standard Book Service Fort. |
| Date of publication, distribution, etc. | 1954 |
| 300 ## - PHYSICAL DESCRIPTION | |
| Extent | 136 p.: |
| Other physical details | ill,: |
| Dimensions | 6 Cm |
| 526 ## - STUDY PROGRAM INFORMATION NOTE | |
| Program name | 0 |
| Interest level | 0 |
| Reading level | 0 |
| Title point value | 604_200000000000000_GUN |
| 650 ## - SUBJECT ADDED ENTRY--TOPICAL TERM | |
| Topical term or geographic name entry element | MCE |
| 9 (RLIN) | 379 |
| 942 ## - ADDED ENTRY ELEMENTS (KOHA) | |
| Source of classification or shelving scheme | |
| Koha item type | Book |
| Withdrawn status | Lost status | Source of classification or shelving scheme | Damaged status | Not for loan | Permanent Location | Current Location | Date acquired | Total Checkouts | Full call number | Barcode | Date last seen | Date last checked out | Price effective from | Koha item type |
|---|---|---|---|---|---|---|---|---|---|---|---|---|---|---|
| Military College of Engineering (MCE) | Military College of Engineering (MCE) | 05/08/2014 | 1 | 604.2 GUN | MCE-30274 | 05/13/2014 | 05/13/2014 | 05/08/2014 | Book |
